000 00365nam a2200157Ia 4500
008 230917s9999||||xx |||||||||||||| ||und||
020 _cRS0.9
040 _e14353
_aMAIN
041 _aEnglish
082 _a005.266 B638M
100 _aBolan, Craig
245 0 _aMastering C
260 _aNew Delhi
_bBPB Publications
_c1988
300 _axii,437 p.
942 _cBK
999 _c65838
_d65838